Extremely Blurry Country Flags - Statistics

General Stats
  • This quiz has been taken 1,203 times
  • The average score is 13 of 15
Answer Stats
Picture Answer % Correct
Germany
100%
Argentina
99%
Norway
99%
Russia
98%
Slovakia
95%
Malaysia
93%
Kazakhstan
91%
Bahrain
90%
St. Lucia
85%
Moldova
82%
Tuvalu
78%
Guyana
76%
Senegal
75%
Solomon Islands
69%
Equatorial Guinea
68%
No matching quizzes found
Score Distribution
Percent of People with Each Score
Percentile by Number Answered
Your Score History
You have not taken this quiz